000
00335nam a22001337a 4500
008
250915b |||||||| |||| 00| 0 eng d
020
_a
9781803238531
100
_a
Aversa, Davide
245
_a
Unity artificial intelligence programming
250
_a
5th Ed.
260
_a
Mumbai
_b
Packt Publisher
_c
2022
300
_a
288
942
_c
C
999
_c
63733
_d
63733